[Event "Campeonato Individual Absoluto de Madrid"]
[Site "Madrid ESP"]
[Date "2025.05.07"]
[Round "3.14"]
[White "De Vicente Guijarro, Juan"]
[Black "Blazquez Sanz, Oscar"]
[Result "1/2-1/2"]
[WhiteElo "1930"]
[BlackElo "1993"]
[PlyCount "37"]
[GameId "2174958259662952"]
[EventDate "2025.05.05"]
[EventType "swiss"]
[EventRounds "7"]
[SourceTitle "Ajedrez en Madrid"]
[Source "lmi"]
[SourceDate "2025.05.05"]
[SourceVersion "1"]
[SourceVersionDate "2025.05.14"]
[SourceQuality "1"]

1. e4 e6 2. d4 d5 3. exd5 exd5 4. c4 Nf6 5. Nc3 Bb4 6. Bd3 O-O 7. Nge2 c5 8. O-O Bg4 9. Bg5 Bxc3 10. bxc3 cxd4 11. cxd4 Nc6 12. f3 Be6 13. c5 h6 14. Bh4 g5 15. Bg3 Nh5 16. Bd6 Re8 17. Bc2 Ng7 18. Ng3 Qf6 19. Ba4 1/2-1/2

[Event "Campeonato Individual Absoluto de Madrid"]
[Site "Madrid ESP"]
[Date "2025.05.07"]
[Round "3.15"]
[White "Calderon Rojo, Borja"]
[Black "Lopez de Turiso Sanchez, Jose An"]
[Result "1/2-1/2"]
[WhiteElo "1911"]
[BlackElo "1989"]
[PlyCount "50"]
[GameId "2174958688739446"]
[EventDate "2025.05.05"]
[EventType "swiss"]
[EventRounds "7"]
[SourceTitle "Ajedrez en Madrid"]
[Source "lmi"]
[SourceDate "2025.05.05"]
[SourceVersion "1"]
[SourceVersionDate "2025.05.14"]
[SourceQuality "1"]

1. e4 c5 2. Nf3 d6 3. c3 Nf6 4. h3 Nc6 5. Bd3 g6 6. Bc2 Bg7 7. O-O O-O 8. Re1 b6 9. a3 Bb7 10. d4 cxd4 11. cxd4 Rc8 12. Nc3 a6 13. Qe2 b5 14. e5 dxe5 15. dxe5 Nd5 16. Nxd5 Qxd5 17. Rd1 Qe6 18. Bf4 Nxe5 19. Nxe5 Bxe5 20. Qxe5 Rxc2 21. Qxe6 fxe6 22. Rd2 Rfc8 23. Rad1 Bd5 24. Rxc2 Rxc2 25. Rd2 Rc1+ 1/2-1/2

[Event "Campeonato Individual Absoluto de Madrid"]
[Site "Madrid ESP"]
[Date "2025.05.07"]
[Round "3.16"]
[White "Alvarez Abejon, Amilcar"]
[Black "Fernandez Kalinov, Rodrigo"]
[Result "1/2-1/2"]
[WhiteElo "1968"]
[BlackElo "1816"]
[PlyCount "134"]
[GameId "2174968787931352"]
[EventDate "2025.05.05"]
[EventType "swiss"]
[EventRounds "7"]
[SourceTitle "Ajedrez en Madrid"]
[Source "lmi"]
[SourceDate "2025.05.05"]
[SourceVersion "1"]
[SourceVersionDate "2025.05.14"]
[SourceQuality "1"]

1. c4 Nf6 2. Nc3 d5 3. cxd5 Nxd5 4. Nf3 c5 5. d4 cxd4 6. Qxd4 Nxc3 7. Qxd8+ Kxd8 8. bxc3 f6 9. g3 b6 10. Bg2 Bb7 11. O-O e5 12. Be3 Kc7 13. Rfd1 Na6 14. Bh3 Bc8 15. Bg2 Bb7 16. a4 Bc5 17. Bxc5 Nxc5 18. a5 Rhd8 19. Rxd8 Rxd8 20. axb6+ axb6 21. Kf1 Ra8 22. Rxa8 Bxa8 23. Ke1 Kd6 24. c4 Nb3 25. Nd4 Nxd4 26. Bxa8 Kc5 27. Bd5 Nb3 28. Bg8 h6 29. Kd1 Na5 30. Kc2 Nxc4 31. Bf7 b5 32. Bg8 Kd4 33. Bh7 Nd6 34. e3+ Kc5 35. Kb3 Nc4 36. Bd3 g5 37. Kc3 Na5 38. Be2 Nb7 39. Bd3 Nd6 40. Kb3 f5 41. Bc2 Ne4 42. g4 Nxf2 43. gxf5 Ng4 44. Bd3 h5 45. Be2 Nf6 46. h3 g4 47. hxg4 hxg4 48. Bf1 g3 49. Bg2 e4 50. Ka3 Kd5 51. Kb4 Ke5 52. Kxb5 Kxf5 53. Kc4 Ke5 54. Kc3 Nd5+ 55. Kd2 Ne7 56. Ke2 Nf5 57. Bh3 Nh4 58. Bc8 Nf3 59. Kf1 Nh4 60. Bd7 Kd5 61. Bc8 Kc4 62. Ke2 g2 63. Kf2 Kc3 64. Bb7 Kd3 65. Ba6+ Kd2 66. Bb7 Kd3 67. Ba6+ Kd2 1/2-1/2

[Event "Campeonato Individual Absoluto de Madrid"]
[Site "Madrid ESP"]
[Date "2025.05.07"]
[Round "3.17"]
[White "Martin Rodriguez, Emilio"]
[Black "Garcia Galeote, Lorenzo"]
[Result "1-0"]
[WhiteElo "1959"]
[BlackElo "1894"]
[PlyCount "51"]
[GameId "2174976987943359"]
[EventDate "2025.05.05"]
[EventType "swiss"]
[EventRounds "7"]
[SourceTitle "Ajedrez en Madrid"]
[Source "lmi"]
[SourceDate "2025.05.05"]
[SourceVersion "1"]
[SourceVersionDate "2025.05.14"]
[SourceQuality "1"]

1. d4 g6 2. Nf3 Bg7 3. e3 f5 4. c4 Nf6 5. Nc3 O-O 6. Bd3 d6 7. e4 fxe4 8. Nxe4 c6 9. O-O Bg4 10. Neg5 e5 11. h3 Bxf3 12. Qxf3 Qe7 13. dxe5 dxe5 14. Re1 Nbd7 15. Bd2 Rae8 16. Rab1 Qd6 17. Qg3 Nh5 18. Qe3 Nf4 19. Be4 Bh6 20. h4 b6 21. Rbd1 Nf6 22. Qb3 Qe7 23. Bxc6 Bxg5 24. hxg5 N6h5 25. Bxf4 Nxf4 26. c5+ 1-0

[Event "Campeonato Individual Absoluto de Madrid"]
[Site "Madrid ESP"]
[Date "2025.05.07"]
[Round "3.18"]
[White "Quiroga Andres, Carlos"]
[Black "Galarreta Santana, Javier"]
[Result "0-1"]
[WhiteElo "1779"]
[BlackElo "1927"]
[PlyCount "80"]
[GameId "2174960735060100"]
[EventDate "2025.05.05"]
[EventType "swiss"]
[EventRounds "7"]
[SourceTitle "Ajedrez en Madrid"]
[Source "lmi"]
[SourceDate "2025.05.05"]
[SourceVersion "1"]
[SourceVersionDate "2025.05.14"]
[SourceQuality "1"]

1. d4 Nf6 2. c4 e6 3. Nf3 c5 4. Nc3 a6 5. g3 d5 6. cxd5 exd5 7. Bg2 Nc6 8. O-O c4 9. Ne5 Bb4 10. Bg5 Bxc3 11. bxc3 O-O 12. Qa4 h6 13. Nxc6 bxc6 14. Qxc6 Be6 15. Bxf6 Qxf6 16. Qa4 h5 17. e4 dxe4 18. Bxe4 Rad8 19. Qxa6 Qg5 20. Qa3 h4 21. Qc1 Qa5 22. a4 Bh3 23. Re1 Rd6 24. Re3 f5 25. Bf3 f4 26. Re5 Qd8 27. Be2 Rh6 28. Bxc4+ Kh8 29. Qd2 hxg3 30. hxg3 Qc8 31. Qe2 f3 32. Qe4 Bg2 33. Qh4 Rxh4 34. gxh4 Qxc4 35. Rh5+ Kg8 36. a5 Qxc3 37. Rd1 Rd8 38. Kh2 Qc7+ 39. Kg1 Qc2 40. Ra1 Qc3 0-1

[Event "Campeonato Individual Absoluto de Madrid"]
[Site "Madrid ESP"]
[Date "2025.05.07"]
[Round "3.19"]
[White "Arevillca Colque, Jonatan"]
[Black "Arce Balluerca, Oscar"]
[Result "1/2-1/2"]
[WhiteElo "1900"]
[BlackElo "1814"]
[PlyCount "90"]
[GameId "2174971404001525"]
[EventDate "2025.05.05"]
[EventType "swiss"]
[EventRounds "7"]
[SourceTitle "Ajedrez en Madrid"]
[Source "lmi"]
[SourceDate "2025.05.05"]
[SourceVersion "1"]
[SourceVersionDate "2025.05.14"]
[SourceQuality "1"]

1. e4 Nf6 2. e5 Nd5 3. c4 Nb6 4. d4 d6 5. f4 dxe5 6. fxe5 g6 7. Nc3 Bg7 8. c5 Nd5 9. Bc4 e6 10. Nf3 h6 11. Ne4 Nd7 12. Qd3 b6 13. Bxd5 exd5 14. e6 O-O 15. exd7 dxe4 16. dxc8=Q Rxc8 17. Qxe4 Re8 18. Ne5 f6 19. O-O fxe5 20. Qxg6 Qxd4+ 21. Kh1 Qh4 22. g3 Qc4 23. Bxh6 Qd5+ 24. Kg1 Qxc5+ 25. Rf2 Qe7 26. Raf1 Rf8 27. Rxf8+ Rxf8 28. Rxf8+ Kxf8 29. Bxg7+ Qxg7 30. Qxg7+ Kxg7 31. Kf2 c5 32. Ke3 Kf6 33. Ke4 Ke6 34. h4 b5 35. h5 c4 36. h6 Kf6 37. g4 b4 38. g5+ Kg6 39. Ke3 a5 40. Kd2 e4 41. Ke3 c3 42. bxc3 bxc3 43. a4 Kh7 44. Ke2 Kg6 45. Ke3 Kh7 1/2-1/2

[Event "Campeonato Individual Absoluto de Madrid"]
[Site "Madrid ESP"]
[Date "2025.05.07"]
[Round "3.20"]
[White "Martin Cantizano, David"]
[Black "Escriva De Romani, Querejeta Bel"]
[Result "0-1"]
[WhiteElo "1946"]
[BlackElo "1979"]
[PlyCount "100"]
[GameId "2174977719734733"]
[EventDate "2025.05.05"]
[EventType "swiss"]
[EventRounds "7"]
[SourceTitle "Ajedrez en Madrid"]
[Source "lmi"]
[SourceDate "2025.05.05"]
[SourceVersion "1"]
[SourceVersionDate "2025.05.14"]
[SourceQuality "1"]

1. e4 e5 2. Bc4 Nf6 3. d3 c6 4. Nf3 d5 5. exd5 cxd5 6. Bb3 Nc6 7. h3 h6 8. Qe2 Bd6 9. Be3 O-O 10. O-O Re8 11. Na3 Qe7 12. Nb5 Bb8 13. c4 d4 14. Bd2 a6 15. Na3 Bf5 16. Rfe1 Nd7 17. Bc2 Bd6 18. Rad1 Bxa3 19. bxa3 a5 20. Bc1 Nc5 21. Nd2 Bg6 22. Nf1 f5 23. f3 Qf6 24. Qf2 Re6 25. Re2 Rae8 26. Rde1 Qd8 27. Qg3 f4 28. Qf2 Nxd3 29. Bxd3 Bxd3 30. Rb2 Qc7 31. Nd2 Ne7 32. c5 Nd5 33. Kh2 Ne3 34. Ne4 Bxe4 35. fxe4 Rc6 36. Bd2 Rxc5 37. Reb1 Rb8 38. Bxe3 fxe3 39. Qe2 Qc6 40. Qg4 b5 41. a4 b4 42. a3 Qc8 43. Qg6 Rc6 44. Qh5 Qe6 45. axb4 Rxb4 46. Rxb4 axb4 47. Rxb4 Qf6 48. Rb8+ Kh7 49. h4 d3 50. Kh3 Rc1 0-1

[Event "Campeonato Individual Absoluto de Madrid"]
[Site "Madrid ESP"]
[Date "2025.05.07"]
[Round "3.21"]
[White "Cardena Contreras, Javier"]
[Black "San Vicente Crespo, Pablo"]
[Result "1-0"]
[WhiteElo "1916"]
[BlackElo "1973"]
[PlyCount "137"]
[GameId "2175021152370954"]
[EventDate "2025.05.05"]
[EventType "swiss"]
[EventRounds "7"]
[SourceTitle "Ajedrez en Madrid"]
[Source "lmi"]
[SourceDate "2025.05.05"]
[SourceVersion "1"]
[SourceVersionDate "2025.05.14"]
[SourceQuality "1"]

1. e4 c5 2. Nf3 Nc6 3. Bb5 Nf6 4. Bxc6 dxc6 5. d3 Qc7 6. h3 e5 7. a4 h6 8. b3 g5 9. Bb2 Bd6 10. Na3 g4 11. hxg4 Bxg4 12. Nc4 Nd7 13. a5 O-O-O 14. Ne3 h5 15. Qd2 Rhf8 16. Nh4 Be7 17. Nhf5 Bg5 18. Qc3 Rg8 19. Ba3 Bxe3 20. Nxe3 Qd6 21. Qd2 Nf6 22. Nc4 Qd4 23. Bb2 Nxe4 24. Qe3 Qxe3+ 25. Nxe3 Ng5 26. Bxe5 Rde8 27. Bg3 Ne6 28. Kd2 Nd4 29. Rae1 Kd7 30. Nc4 f6 31. Ne3 Re6 32. Nxg4 Rxg4 33. Rxe6 Nxe6 34. Rxh5 Ng5 35. Rh4 Rd4 36. c3 Rd5 37. Kc2 c4 38. Rxc4 Rxa5 39. Rd4+ Ke7 40. Ra4 Rxa4 41. bxa4 Ke6 42. c4 Nf7 43. Kc3 c5 44. d4 cxd4+ 45. Kxd4 Nd8 46. Kc5 Nc6 47. f3 Na5 48. Kb4 Nc6+ 49. Kb5 Nd4+ 50. Kc5 Nb3+ 51. Kb4 Nd4 52. Bf2 Nc6+ 53. Kb5 Ke5 54. a5 a6+ 55. Kb6 f5 56. g3 Kd6 57. Be3 Ke5 58. g4 fxg4 59. fxg4 Ke4 60. Bd2 Kd4 61. Kxb7 Ne5 62. Kxa6 Nxc4 63. g5 Kd5 64. Bc3 Nd6 65. Kb6 Nc4+ 66. Kb7 Nd6+ 67. Kb8 Kc6 68. a6 Ne4 69. a7 1-0

[Event "Campeonato Individual Absoluto de Madrid"]
[Site "Madrid ESP"]
[Date "2025.05.07"]
[Round "3.22"]
[White "Lorenzo Bailador, Alfredo"]
[Black "Veiga Macias, Rodrigo"]
[Result "1/2-1/2"]
[WhiteElo "1968"]
[BlackElo "1822"]
[PlyCount "81"]
[GameId "2174978716578267"]
[EventDate "2025.05.05"]
[EventType "swiss"]
[EventRounds "7"]
[SourceTitle "Ajedrez en Madrid"]
[Source "lmi"]
[SourceDate "2025.05.05"]
[SourceVersion "1"]
[SourceVersionDate "2025.05.14"]
[SourceQuality "1"]

1. e4 c5 2. c3 Nf6 3. e5 Nd5 4. d4 cxd4 5. Nf3 d6 6. Bc4 e6 7. cxd4 Nb6 8. Bd3 Nc6 9. Qe2 dxe5 10. dxe5 Be7 11. Nc3 Nb4 12. Bb1 N6d5 13. O-O Nxc3 14. bxc3 Nd5 15. Bd2 Bd7 16. c4 Nb6 17. Be4 Qc7 18. Rab1 Bc6 19. Rfc1 Bxe4 20. Qxe4 Ba3 21. Rc3 Bc5 22. Be3 Bxe3 23. Qxe3 Rc8 24. Qe4 Qc6 25. Qg4 g6 26. Qh4 Nd7 27. Qf4 h6 28. Nd4 Qc5 29. Rxb7 Qxe5 30. Qxe5 Nxe5 31. f4 Nxc4 32. Rxa7 O-O 33. Nf3 Nd6 34. Rxc8 Rxc8 35. Ne5 Rc1+ 36. Kf2 Rc2+ 37. Kf3 Rc3+ 38. Ke2 Rc2+ 39. Kf1 Rc1+ 40. Kf2 Rc2+ 41. Kf1 1/2-1/2

[Event "Campeonato Individual Absoluto de Madrid"]
[Site "Madrid ESP"]
[Date "2025.05.07"]
[Round "3.23"]
[White "Lorenzo Martin, Hector"]
[Black "Liern Matesanz, Jairo"]
[Result "1/2-1/2"]
[WhiteElo "1906"]
[BlackElo "1963"]
[PlyCount "114"]
[GameId "2174961724010642"]
[EventDate "2025.05.05"]
[EventType "swiss"]
[EventRounds "7"]
[SourceTitle "Ajedrez en Madrid"]
[Source "lmi"]
[SourceDate "2025.05.05"]
[SourceVersion "1"]
[SourceVersionDate "2025.05.14"]
[SourceQuality "1"]

1. c4 e6 2. Nc3 d5 3. cxd5 exd5 4. d4 Nf6 5. Bg5 c6 6. e3 Be7 7. Bd3 Be6 8. Nge2 Nbd7 9. Qc2 O-O 10. O-O Qc7 11. Bxh7+ Kh8 12. Bd3 Ng4 13. Bf4 Bd6 14. Nb5 cxb5 15. Qxc7 Bxc7 16. Bxc7 Rfc8 17. Bf4 Rc6 18. Bxb5 Rb6 19. Bxd7 Bxd7 20. b3 Bb5 21. Rfe1 Rc8 22. Rac1 Rbc6 23. Rxc6 Rxc6 24. Nc1 Rc2 25. f3 Nf6 26. e4 dxe4 27. fxe4 a5 28. a4 Ba6 29. Bg5 Ng4 30. Bh4 Rc3 31. Bd8 Nf6 32. Bxa5 Rc2 33. b4 Bc4 34. Bd8 Nxe4 35. Rxe4 Rxc1+ 36. Kf2 Rc2+ 37. Kg1 Bd5 38. Rg4 f5 39. Rg5 Be4 40. Be7 Rc4 41. Bc5 b6 42. Bxb6 Rxb4 43. a5 Rb2 44. Bc5 Kg8 45. a6 Ra2 46. a7 Kf7 47. h4 g6 48. Rg3 Bd5 49. Kf1 Bc4+ 50. Ke1 Bd5 51. Kd1 Rxg2 52. Rxg2 Bxg2 53. Kc2 Ba8 54. Kc3 Ke6 55. Bf8 f4 56. Bh6 Kf5 57. Kd3 Bd5 1/2-1/2

[Event "Campeonato Individual Absoluto de Madrid"]
[Site "Madrid ESP"]
[Date "2025.05.08"]
[Round "4.1"]
[White "Lianes Garcia, Marcos"]
[Black "Rodriguez Avila, Alvaro"]
[Result "1/2-1/2"]
[WhiteElo "2383"]
[BlackElo "2204"]
[PlyCount "67"]
[GameId "2175342171726361"]
[EventDate "2025.05.05"]
[EventType "swiss"]
[EventRounds "7"]
[SourceTitle "Ajedrez en Madrid"]
[Source "lmi"]
[SourceDate "2025.05.05"]
[SourceVersion "1"]
[SourceVersionDate "2025.05.14"]
[SourceQuality "1"]

1. e4 c5 2. Nf3 d6 3. d4 cxd4 4. Nxd4 Nf6 5. Nc3 Nc6 6. Bg5 e6 7. Qd2 a6 8. O-O-O Bd7 9. f3 Nxd4 10. Qxd4 h6 11. Bd2 Be7 12. h4 Bc6 13. Qf2 Qc7 14. Qg3 O-O-O 15. Bd3 Rhg8 16. h5 Nd7 17. Qf2 Nc5 18. Be3 Qa5 19. Kb1 Bf6 20. Bd4 Kb8 21. g4 Bxd4 22. Qxd4 Na4 23. Nxa4 Bxa4 24. b3 Bc6 25. Be2 Qe5 26. Rhg1 Qxd4 27. Rxd4 f6 28. Bc4 Rge8 29. a4 Kc7 30. Rgd1 b5 31. axb5 axb5 32. Bf1 d5 33. exd5 Rxd5 34. Be2 1/2-1/2

[Event "Campeonato Individual Absoluto de Madrid"]
[Site "Madrid ESP"]
[Date "2025.05.08"]
[Round "4.2"]
[White "Martin Duque, Jesus"]
[Black "Rubio Mejia, Luis Ignacio"]
[Result "1/2-1/2"]
[WhiteElo "2344"]
[BlackElo "2355"]
[PlyCount "53"]
[GameId "2175323104784582"]
[EventDate "2025.05.05"]
[EventType "swiss"]
[EventRounds "7"]
[SourceTitle "Ajedrez en Madrid"]
[Source "lmi"]
[SourceDate "2025.05.05"]
[SourceVersion "1"]
[SourceVersionDate "2025.05.14"]
[SourceQuality "1"]

1. c4 Nf6 2. Nf3 e6 3. g3 d5 4. d4 Be7 5. Bg2 O-O 6. Nc3 dxc4 7. Ne5 Qd6 8. Nxc4 Qa6 9. Qb3 Nc6 10. e3 Rb8 11. Qb5 Qxb5 12. Nxb5 Bd7 13. O-O Nb4 14. a4 a6 15. Nc3 Bc6 16. Bd2 Bxg2 17. Kxg2 c5 18. dxc5 Bxc5 19. a5 Nc6 20. Na4 Be7 21. Nab6 Rfd8 22. Rfd1 Ne4 23. Be1 Nd6 24. Bc3 Nxc4 25. Nxc4 Rxd1 26. Rxd1 Rd8 27. Rc1 1/2-1/2

[Event "Campeonato Individual Absoluto de Madrid"]
[Site "Madrid ESP"]
[Date "2025.05.08"]
[Round "4.3"]
[White "Vioque Gonzalez, Nicolas"]
[Black "Martinez Fernandez, Raul"]
[Result "0-1"]
[WhiteElo "2208"]
[BlackElo "2158"]
[PlyCount "102"]
[GameId "2175336194953525"]
[EventDate "2025.05.05"]
[EventType "swiss"]
[EventRounds "7"]
[SourceTitle "Ajedrez en Madrid"]
[Source "lmi"]
[SourceDate "2025.05.05"]
[SourceVersion "1"]
[SourceVersionDate "2025.05.14"]
[SourceQuality "1"]

1. d4 d5 2. Nc3 Nf6 3. Bg5 h6 4. Bxf6 exf6 5. e3 c6 6. Bd3 g6 7. Nf3 Bd6 8. e4 dxe4 9. Nxe4 Bc7 10. O-O Kf8 11. c3 Kg7 12. Qc2 f5 13. Ned2 Nd7 14. Rfe1 Nf6 15. Bc4 Nd5 16. Qb3 b6 17. Ne5 Qd6 18. a4 Be6 19. Nf1 Rad8 20. Rad1 f6 21. Nf3 Rhe8 22. Rd2 Bf7 23. Rde2 Rxe2 24. Rxe2 Re8 25. Rxe8 Bxe8 26. Bxd5 Qxd5 27. Qxd5 cxd5 28. b3 Kf7 29. Ne1 b5 30. axb5 Bxb5 31. Ne3 Ke6 32. f3 Ba5 33. b4 Bc7 34. h3 Bg3 35. N1c2 Bd3 36. Na3 Be1 37. Nd1 Be2 38. Nc2 Bd2 39. Nce3 f4 40. Kf2 Bxf3 41. Kxf3 fxe3 42. Ke2 f5 43. g3 g5 44. Kf3 a6 45. h4 f4 46. hxg5 hxg5 47. g4 Kd6 48. Ke2 Kc6 49. Kd3 Kb5 50. Nb2 f3 51. Nd1 e2 0-1

[Event "Campeonato Individual Absoluto de Madrid"]
[Site "Madrid ESP"]
[Date "2025.05.08"]
[Round "4.4"]
[White "Lopez Del Alamo, Antonio"]
[Black "Suarez Uriel, Adrian"]
[Result "1-0"]
[WhiteElo "2145"]
[BlackElo "2398"]
[PlyCount "56"]
[GameId "2175323629666516"]
[EventDate "2025.05.05"]
[EventType "swiss"]
[EventRounds "7"]
[SourceTitle "Ajedrez en Madrid"]
[Source "lmi"]
[SourceDate "2025.05.05"]
[SourceVersion "1"]
[SourceVersionDate "2025.05.14"]
[SourceQuality "1"]

1. e4 c6 2. d4 d5 3. exd5 cxd5 4. Bd3 Nc6 5. c3 Qc7 6. h3 e6 7. Nf3 Bd6 8. O-O Nge7 9. Re1 Bd7 10. a4 f6 11. Na3 a6 12. c4 Bxa3 13. bxa3 O-O 14. Bb2 Na5 15. c5 b6 16. Rc1 bxc5 17. Rxc5 Qb6 18. Qe2 Rab8 19. Rb1 Nb3 20. Bc3 Qa7 21. Bb4 Nxc5 22. Bxc5 Rxb1+ 23. Bxb1 Qb7 24. Qd3 Ng6 25. Bxf8 Nxf8 26. Bc2 a5 27. h4 Be8 28. Qd2 Qb2 1-0

[Event "Campeonato Individual Absoluto de Madrid"]
[Site "Madrid ESP"]
[Date "2025.05.08"]
[Round "4.5"]
[White "Portero Rubio, Martin"]
[Black "Moreno Ruiz, Javier"]
[Result "0-1"]
[WhiteElo "2079"]
[BlackElo "2379"]
[PlyCount "158"]
[GameId "2175357370998904"]
[EventDate "2025.05.05"]
[EventType "swiss"]
[EventRounds "7"]
[SourceTitle "Ajedrez en Madrid"]
[Source "lmi"]
[SourceDate "2025.05.05"]
[SourceVersion "1"]
[SourceVersionDate "2025.05.14"]
[SourceQuality "1"]

1. e4 c5 2. Nf3 g6 3. c3 d5 4. e5 Nc6 5. Bb5 Bd7 6. Bxc6 Bxc6 7. d4 e6 8. O-O b6 9. Bg5 Qc7 10. Re1 Bg7 11. Nbd2 h6 12. Be3 c4 13. Nf1 Ne7 14. Ng3 b5 15. Qd2 a5 16. h4 Nf5 17. Nxf5 gxf5 18. Nh2 Qe7 19. g3 Bf8 20. Nf3 b4 21. Reb1 Rb8 22. Kh2 Rb5 23. Qc1 Qb7 24. a3 bxa3 25. bxa3 Rb3 26. Nd2 a4 27. Nxb3 cxb3 28. c4 dxc4 29. Qxc4 Qb5 30. Qxb5 Bxb5 31. Bc1 Kd7 32. Bb2 Bc6 33. Rc1 Be7 34. Rc3 Bd5 35. Rac1 Bd8 36. Rc8 Rh7 37. Rb8 Rg7 38. Rb4 Rg4 39. Rxa4 Re4 40. Ra7+ Ke8 41. Kg1 Re2 42. Bc3 Be4 43. Ra4 b2 44. Bxb2 Rxb2 45. Rb4 Ra2 46. a4 Kd7 47. Kf1 Ba5 48. Rb8 Bf3 49. Rf8 Ke7 50. Rh8 Rxa4 51. Rb1 h5 52. d5 Bxd5 53. Rxh5 Be4 54. Rc1 Ra2 55. Rh8 Bb6 56. Rb8 Rxf2+ 57. Ke1 Rb2 58. Rc7+ Bxc7 59. Rxb2 Bxe5 60. Rb3 Kf6 61. Kf2 Kg6 62. Ra3 Kh5 63. Kg1 Kg4 64. Kh2 f4 65. gxf4 Bxf4+ 66. Kg1 Kxh4 67. Ra4 f5 68. Ra6 Be3+ 69. Kh2 e5 70. Rg6 Bf4+ 71. Kg1 Kh5 72. Rg8 Be3+ 73. Kh2 f4 74. Re8 Bd4 75. Rg8 f3 76. Kg3 f2 77. Rf8 Bd3 78. Rh8+ Kg6 79. Rg8+ Kh7 0-1

[Event "Campeonato Individual Absoluto de Madrid"]
[Site "Madrid ESP"]
[Date "2025.05.08"]
[Round "4.6"]
[White "Horcajuelo Rocamora, Martin"]
[Black "Nunez Munoz, Jesus"]
[Result "1-0"]
[WhiteElo "2367"]
[BlackElo "1996"]
[PlyCount "91"]
[GameId "2175330171998465"]
[EventDate "2025.05.05"]
[EventType "swiss"]
[EventRounds "7"]
[SourceTitle "Ajedrez en Madrid"]
[Source "lmi"]
[SourceDate "2025.05.05"]
[SourceVersion "1"]
[SourceVersionDate "2025.05.14"]
[SourceQuality "1"]

1. d4 Nf6 2. c4 e6 3. Nf3 b6 4. Bf4 Bb7 5. e3 Bb4+ 6. Nfd2 O-O 7. a3 Be7 8. Nc3 d5 9. cxd5 exd5 10. Bd3 a6 11. O-O Nbd7 12. Rc1 c5 13. Bg3 b5 14. dxc5 Nxc5 15. Nf3 Nxd3 16. Qxd3 Rc8 17. Rfd1 Qb6 18. Be5 Qe6 19. Ne2 Rxc1 20. Rxc1 Rc8 21. Rd1 h6 22. Nf4 Qb6 23. Nd4 Bf8 24. Qf5 Qd8 25. Bxf6 Qxf6 26. Qxf6 gxf6 27. Nh5 Be7 28. h4 Rc4 29. Rd2 Rc1+ 30. Kh2 Kh7 31. f4 Bc8 32. Ng3 Re1 33. Rc2 Bg4 34. Rc7 Rxe3 35. Ndf5 Bxf5 36. Nxf5 Bd8 37. Rd7 Re4 38. Rxd8 Rxf4 39. Rxd5 Kg6 40. h5+ Kg5 41. Ne3+ f5 42. Kg3 f6 43. b4 a5 44. bxa5 b4 45. a6 bxa3 46. a7 1-0

[Event "Campeonato Individual Absoluto de Madrid"]
[Site "Madrid ESP"]
[Date "2025.05.08"]
[Round "4.7"]
[White "Alvarez Poves, Jesus"]
[Black "Rottenwohrer Suarez, Juan"]
[Result "0-1"]
[WhiteElo "2071"]
[BlackElo "2340"]
[PlyCount "90"]
[GameId "2175337931223363"]
[EventDate "2025.05.05"]
[EventType "swiss"]
[EventRounds "7"]
[SourceTitle "Ajedrez en Madrid"]
[Source "lmi"]
[SourceDate "2025.05.05"]
[SourceVersion "1"]
[SourceVersionDate "2025.05.14"]
[SourceQuality "1"]

1. e4 e5 2. Nf3 Nc6 3. Nc3 Nf6 4. a3 d5 5. Bb5 d4 6. Ne2 Bd6 7. d3 h6 8. Bc4 Ne7 9. Nexd4 exd4 10. e5 Bxe5 11. Nxe5 Ned5 12. Bd2 O-O 13. O-O Qd6 14. f4 Nb6 15. Bb3 Be6 16. Bxe6 Qxe6 17. Qf3 Qd5 18. a4 a5 19. b3 Rfe8 20. Rae1 Qc5 21. Nc4 Nxc4 22. bxc4 c6 23. Re5 Qb6 24. g4 Nd7 25. Rh5 Qb2 26. g5 Qxc2 27. Rf2 Re6 28. f5 Ne5 29. Qe2 Ree8 30. gxh6 Qb1+ 31. Rf1 Qxd3 32. Qxd3 Nxd3 33. hxg7 f6 34. Rf3 Ne5 35. Rg3 Nf7 36. c5 Re2 37. Bf4 Rae8 38. Rgh3 Re1+ 39. Kf2 R8e2+ 40. Kf3 Ne5+ 41. Bxe5 Re3+ 42. Kg4 Rxh3 43. Rh8+ Rxh8 44. gxh8=Q+ Kxh8 45. Bxf6+ Kh7 0-1

[Event "Campeonato Individual Absoluto de Madrid"]
[Site "Madrid ESP"]
[Date "2025.05.08"]
[Round "4.8"]
[White "Grabuzova, Tatiana"]
[Black "Roquero Redondo, Miguel"]
[Result "1/2-1/2"]
[WhiteElo "2199"]
[BlackElo "2063"]
[PlyCount "38"]
[GameId "2175312437739605"]
[EventDate "2025.05.05"]
[EventType "swiss"]
[EventRounds "7"]
[SourceTitle "Ajedrez en Madrid"]
[Source "lmi"]
[SourceDate "2025.05.05"]
[SourceVersion "1"]
[SourceVersionDate "2025.05.14"]
[SourceQuality "1"]

1. d4 d5 2. c4 e6 3. Nc3 Nf6 4. cxd5 exd5 5. Bg5 c6 6. e3 Be7 7. Bd3 Nbd7 8. Nf3 Nh5 9. Bxe7 Qxe7 10. O-O O-O 11. Ne5 g6 12. Nxd7 Bxd7 13. Qd2 Ng7 14. f3 Rad8 15. Rad1 Bf5 16. e4 dxe4 17. fxe4 Bg4 18. Be2 Bxe2 19. Qxe2 f5 1/2-1/2

[Event "Campeonato Individual Absoluto de Madrid"]
[Site "Madrid ESP"]
[Date "2025.05.08"]
[Round "4.9"]
[White "Torres Rebolledo, Alvaro"]
[Black "Alvarez Abejon, Amilcar"]
[Result "1-0"]
[WhiteElo "2336"]
[BlackElo "1968"]
[PlyCount "49"]
[GameId "2175338972647761"]
[EventDate "2025.05.05"]
[EventType "swiss"]
[EventRounds "7"]
[SourceTitle "Ajedrez en Madrid"]
[Source "lmi"]
[SourceDate "2025.05.05"]
[SourceVersion "1"]
[SourceVersionDate "2025.05.14"]
[SourceQuality "1"]

1. e4 e5 2. Nf3 Nf6 3. d4 Nxe4 4. Bd3 Nc6 5. Bxe4 d5 6. Bxh7 Rxh7 7. dxe5 Bf5 8. c3 Qd7 9. O-O O-O-O 10. Bf4 f6 11. exf6 gxf6 12. Be3 Qg7 13. b4 Bg4 14. Qc2 Bd6 15. Nbd2 f5 16. b5 Ne5 17. Nd4 f4 18. Bxf4 Nf3+ 19. N2xf3 Bxf4 20. g3 Rdh8 21. Rfe1 Bd6 22. Qa4 Qf7 23. Re3 Bc5 24. h4 Rf8 25. Rf1 1-0